| 000 | 00460 a2200169 4500 | ||
|---|---|---|---|
| 003 | Nust | ||
| 005 | 20221208091445.0 | ||
| 040 | _cNust | ||
| 082 | _a297.122,AHM | ||
| 100 |
_aHafiz Nazr Ahmed _9104400 |
||
| 245 |
_aQuran Majeed, _bAssn urdu Tarjama (Vol: Sets) / _cHafiz Nazr Ahmed |
||
| 250 | _a Vol : Sets Para 1 to 30 | ||
| 260 |
_aLahore _bMuslim Akadmi Lahore |
||
| 300 | _a1299:p | ||
| 650 |
_aQuran Majeed _9104401 |
||
| 942 |
_2ddc _cBK _k297.122,AHM |
||
| 999 |
_c179410 _d179410 |
||